| 000 | 00607nam a2200217Ii 4500 | ||
|---|---|---|---|
| 003 | JO-AjNU | ||
| 008 | 230606s9999||||xx |||||||||||||| ||und|| | ||
| 017 | _a1223/11/1993 | ||
| 040 |
_aJO-AjNU _beng _erda _cJO-AjNU |
||
| 041 | _aeng | ||
| 050 | 1 | 4 | _aPJ6131 1993 |
| 100 | 3 |
_aSalameh,Fahd, _eauthor _92759 |
|
| 245 | 0 | 0 | _aModern Jordanian Fiction (A Selection) |
| 250 | _a1 ed | ||
| 264 | 3 | 1 | _aAmman:Ministry Of Culture,1993 |
| 300 | _a178P | ||
| 336 |
_atext _btxt _2rdacontent |
||
| 337 |
_aunmediated _bn _2rdamedia |
||
| 338 |
_avolume _bnc _2rdacarrier |
||
| 650 | 4 |
_aFiction - Fiction Jordan _92760 |
|
| 999 |
_aE1444 _c1444 _d1444 |
||